00595nam a22001217a 4500020002200000040000600022082002600028100002000054245006200074260006700136300001700203650025300220 a978-969-8535-21-6 a1 a327.1720954bD0000145 aYamin, Tughral  aCYBERSPACE CBMs between Pakistan and IndiacTughral Yamin aIslamabadbNational University of Science and Technologyc2014 a275 pb22 cm aInternational Initiatives to Create Cyber Norms and Behavior, Existing Domestic Laws and Treaties Regulating Activity in the Information Environment in South Asia, Information CBMs between Pakistan and India , INDIAN INFORMATION TECHNOLOGY ACT 2008